000 01137nam a2200229Ia 4500
003 Ost
005 20260507075135.0
008 260507s9999||||xx |||||||||||||| ||und||
040 _cfsecg
041 _aara
082 _a330
100 _aوليامسون، جون
_eمؤلف
245 0 _aالتكامل النقدي العربي :
_bالمبررات- المشاكل- الوسائل /
_c جون وليامسون
250 _aطبعة 3
260 _aبيروت:
_bمركز دراسات الوحدة العربية,
_c1986
300 _a740 صفحة؛
_bإيضاحات ؛
_c24 سم
520 _aمعنى التكامل أو التعاون النقدي- الوضع الراهن للنظم النقدية العربية ومجالات التعاون فيما بينهما- تجارب التعاون النقدي في مناطق أخرى- مستقبل التعاون النقدي العربي (أسسه- صيغته).
653 _aالتكامل النقدي- العربي
653 _aالسياسة النقدية العربية
700 _aروسي، سلفاتوري وآخرون
_eمؤلف ثانوي
942 _cكتاب
999 _c43255
_d43255